<?xml version="1.0" encoding="UTF-8"?><marc:collection xmlns:marc="http://www.loc.gov/MARC21/slim">
  <marc:record>
    <marc:leader>03323nas a2200601 c 4500</marc:leader>
    <marc:controlfield tag="001">010056645</marc:controlfield>
    <marc:controlfield tag="003">DE-101</marc:controlfield>
    <marc:controlfield tag="005">20250311114455.0</marc:controlfield>
    <marc:controlfield tag="007">tu</marc:controlfield>
    <marc:controlfield tag="007">hu uuu000uuau</marc:controlfield>
    <marc:controlfield tag="008">991118d18111945xx u||p   l|| 0||||1ger c</marc:controlfield>
    <marc:datafield tag="015" ind1=" " ind2=" ">
      <marc:subfield code="a">10,A24</marc:subfield>
      <marc:subfield code="2">dnb</marc:subfield>
    </marc:datafield>
    <marc:datafield tag="016" ind1="7" ind2=" ">
      <marc:subfield code="2">DE-600</marc:subfield>
      <marc:subfield code="a">3781-3</marc:subfield>
    </marc:datafield>
    <marc:datafield tag="016" ind1="7" ind2=" ">
      <marc:subfield code="2">DE-101</marc:subfield>
      <marc:subfield code="a">010056645</marc:subfield>
    </marc:datafield>
    <marc:datafield tag="035" ind1=" " ind2=" ">
      <marc:subfield code="a">(DE-599)ZDB3781-3</marc:subfield>
    </marc:datafield>
    <marc:datafield tag="035" ind1=" " ind2=" ">
      <marc:subfield code="a">(OCoLC)643943815</marc:subfield>
    </marc:datafield>
    <marc:datafield tag="040" ind1=" " ind2=" ">
      <marc:subfield code="a">9001</marc:subfield>
      <marc:subfield code="b">ger</marc:subfield>
      <marc:subfield code="c">DE-101</marc:subfield>
      <marc:subfield code="d">1250</marc:subfield>
    </marc:datafield>
    <marc:datafield tag="041" ind1=" " ind2=" ">
      <marc:subfield code="a">ger</marc:subfield>
    </marc:datafield>
    <marc:datafield tag="042" ind1=" " ind2=" ">
      <marc:subfield code="a">zdb</marc:subfield>
    </marc:datafield>
    <marc:datafield tag="044" ind1=" " ind2=" ">
      <marc:subfield code="c">XA-DXDE</marc:subfield>
    </marc:datafield>
    <marc:datafield tag="082" ind1="7" ind2="4">
      <marc:subfield code="a">350</marc:subfield>
      <marc:subfield code="q">DE-101</marc:subfield>
      <marc:subfield code="2">22sdnb</marc:subfield>
    </marc:datafield>
    <marc:datafield tag="083" ind1="7" ind2=" ">
      <marc:subfield code="a">340</marc:subfield>
      <marc:subfield code="q">DE-600</marc:subfield>
      <marc:subfield code="2">22sdnb</marc:subfield>
    </marc:datafield>
    <marc:datafield tag="090" ind1=" " ind2=" ">
      <marc:subfield code="n">sm</marc:subfield>
    </marc:datafield>
    <marc:datafield tag="110" ind1="1" ind2=" ">
      <marc:subfield code="0">(DE-588)1339221535</marc:subfield>
      <marc:subfield code="0">https://d-nb.info/gnd/1339221535</marc:subfield>
      <marc:subfield code="0">(DE-101)1339221535</marc:subfield>
      <marc:subfield code="a">Königliche Regierung Breslau</marc:subfield>
      <marc:subfield code="e">Verfasser</marc:subfield>
      <marc:subfield code="4">aut</marc:subfield>
      <marc:subfield code="2">gnd</marc:subfield>
    </marc:datafield>
    <marc:datafield tag="245" ind1="1" ind2="0">
      <marc:subfield code="a">Amts-Blatt der Regierung in Breslau</marc:subfield>
    </marc:datafield>
    <marc:datafield tag="247" ind1="0" ind2="0">
      <marc:subfield code="a">Amts-Blatt der Königlichen Breslauschen Regierung</marc:subfield>
      <marc:subfield code="f">Hauptsacht. 1.1811 - 6.1816</marc:subfield>
    </marc:datafield>
    <marc:datafield tag="247" ind1="0" ind2="0">
      <marc:subfield code="a">Amts-Blatt der Königlichen Regierung zu Breslau</marc:subfield>
      <marc:subfield code="f">Hauptsacht. 7.1816 - 108.1917</marc:subfield>
    </marc:datafield>
    <marc:datafield tag="247" ind1="0" ind2="0">
      <marc:subfield code="a">Amts-Blatt der Preußischen Regierung in Breslau</marc:subfield>
      <marc:subfield code="f">Hauptsacht. 123.1932 - 133.1942</marc:subfield>
    </marc:datafield>
    <marc:datafield tag="247" ind1="0" ind2="0">
      <marc:subfield code="a">Amtsblatt der Regierung zu Breslau</marc:subfield>
      <marc:subfield code="f">Hauptsacht. der Mikrofiche-Ausg.</marc:subfield>
    </marc:datafield>
    <marc:datafield tag="247" ind1="0" ind2="0">
      <marc:subfield code="a">nebst Öffentl. Anzeiger</marc:subfield>
      <marc:subfield code="f">Zusatz der Mikrofiche-Ausg.</marc:subfield>
    </marc:datafield>
    <marc:datafield tag="247" ind1="0" ind2="0">
      <marc:subfield code="a">Amtsblatt der Königlichen Regierung zu Breslau</marc:subfield>
      <marc:subfield code="f">Hauptsacht. der Mikrofiche-Ausg. auf dem Behältnis</marc:subfield>
    </marc:datafield>
    <marc:datafield tag="264" ind1="3" ind2="1">
      <marc:subfield code="a">Breslau</marc:subfield>
      <marc:subfield code="b">Amtsblattstelle</marc:subfield>
      <marc:subfield code="c">1811-1945</marc:subfield>
    </marc:datafield>
    <marc:datafield tag="336" ind1=" " ind2=" ">
      <marc:subfield code="a">Text</marc:subfield>
      <marc:subfield code="b">txt</marc:subfield>
      <marc:subfield code="2">rdacontent</marc:subfield>
    </marc:datafield>
    <marc:datafield tag="337" ind1=" " ind2=" ">
      <marc:subfield code="a">ohne Hilfsmittel zu benutzen</marc:subfield>
      <marc:subfield code="b">n</marc:subfield>
      <marc:subfield code="2">rdamedia</marc:subfield>
    </marc:datafield>
    <marc:datafield tag="337" ind1=" " ind2=" ">
      <marc:subfield code="a">Mikroform</marc:subfield>
      <marc:subfield code="b">h</marc:subfield>
      <marc:subfield code="2">rdamedia</marc:subfield>
    </marc:datafield>
    <marc:datafield tag="338" ind1=" " ind2=" ">
      <marc:subfield code="a">Band</marc:subfield>
      <marc:subfield code="b">nc</marc:subfield>
      <marc:subfield code="2">rdacarrier</marc:subfield>
    </marc:datafield>
    <marc:datafield tag="338" ind1=" " ind2=" ">
      <marc:subfield code="a">Sonstige Mikroformen</marc:subfield>
      <marc:subfield code="b">hz</marc:subfield>
      <marc:subfield code="2">rdacarrier</marc:subfield>
    </marc:datafield>
    <marc:datafield tag="362" ind1="0" ind2=" ">
      <marc:subfield code="a">1.1811 - 133.1942; 1943 - 1945; damit Ersch. eingest.</marc:subfield>
    </marc:datafield>
    <marc:datafield tag="363" ind1="0" ind2="0">
      <marc:subfield code="8">1.1\x</marc:subfield>
      <marc:subfield code="a">1</marc:subfield>
      <marc:subfield code="i">1811</marc:subfield>
    </marc:datafield>
    <marc:datafield tag="363" ind1="1" ind2="0">
      <marc:subfield code="8">1.2\x</marc:subfield>
      <marc:subfield code="a">133</marc:subfield>
      <marc:subfield code="i">1942</marc:subfield>
    </marc:datafield>
    <marc:datafield tag="363" ind1="0" ind2="0">
      <marc:subfield code="8">2.1\x</marc:subfield>
      <marc:subfield code="i">1943</marc:subfield>
    </marc:datafield>
    <marc:datafield tag="363" ind1="1" ind2="0">
      <marc:subfield code="8">2.2\x</marc:subfield>
      <marc:subfield code="i">1945</marc:subfield>
    </marc:datafield>
    <marc:datafield tag="365" ind1=" " ind2=" ">
      <marc:subfield code="b">EUR 1783.00 (Mikrofiche-Ausg., einschl. Öffentl. Anzeiger)</marc:subfield>
    </marc:datafield>
    <marc:datafield tag="501" ind1=" " ind2=" ">
      <marc:subfield code="a">Ersch. als Ausg. A u. Ausg. B (ohne Öffentl. Anzeiger)</marc:subfield>
    </marc:datafield>
    <marc:datafield tag="530" ind1=" " ind2=" ">
      <marc:subfield code="a">Mikrofiche-Ausg.: Berlin : Staatsbibliothek zu Berlin. - Mikrofiche-Ausg.: Hildesheim : Olms Neue Medien, 2003. (Die preussischen Regierungsamtsblätter). - Mikrofilm-Ausg.: Berlin: Staatsbibliothek zu Berlin, 1998</marc:subfield>
    </marc:datafield>
    <marc:datafield tag="533" ind1=" " ind2=" ">
      <marc:subfield code="7">d19981998</marc:subfield>
      <marc:subfield code="a">Mikrofiche-Ausg.</marc:subfield>
      <marc:subfield code="b">Berlin</marc:subfield>
      <marc:subfield code="c">Staatsbibliothek zu Berlin</marc:subfield>
      <marc:subfield code="b">[Hildesheim]</marc:subfield>
      <marc:subfield code="c">Olms Neue Medien</marc:subfield>
      <marc:subfield code="f">Die preussischen Regierungsamtsblätter</marc:subfield>
    </marc:datafield>
    <marc:datafield tag="655" ind1=" " ind2="7">
      <marc:subfield code="0">(DE-588)4067488-5</marc:subfield>
      <marc:subfield code="0">https://d-nb.info/gnd/4067488-5</marc:subfield>
      <marc:subfield code="0">(DE-101)040674886</marc:subfield>
      <marc:subfield code="a">Zeitschrift</marc:subfield>
      <marc:subfield code="2">gnd-content</marc:subfield>
    </marc:datafield>
    <marc:datafield tag="655" ind1=" " ind2="7">
      <marc:subfield code="0">(DE-588)4142300-8</marc:subfield>
      <marc:subfield code="0">https://d-nb.info/gnd/4142300-8</marc:subfield>
      <marc:subfield code="0">(DE-101)041423003</marc:subfield>
      <marc:subfield code="a">Amtliche Publikation</marc:subfield>
      <marc:subfield code="2">gnd-content</marc:subfield>
    </marc:datafield>
    <marc:datafield tag="770" ind1="0" ind2="8">
      <marc:subfield code="i">Supplement</marc:subfield>
      <marc:subfield code="a">Königliche Regierung Breslau</marc:subfield>
      <marc:subfield code="t">Amts-Blatt der Preußischen Regierung in Breslau / Öffentlicher Anzeiger. Öffentlicher Anzeiger</marc:subfield>
      <marc:subfield code="d">Breslau : Amtsblattstelle, 1811-1941</marc:subfield>
      <marc:subfield code="w">(DE-600)231857-X</marc:subfield>
      <marc:subfield code="w">(DE-101)011385995</marc:subfield>
    </marc:datafield>
    <marc:datafield tag="770" ind1="0" ind2="8">
      <marc:subfield code="i">Supplement</marc:subfield>
      <marc:subfield code="t">Repertorium der vom Jahr ... bis ... einschließlich durch die Amtsblätter der Königl. Regierungen zu Breslau, Liegnitz und Oppeln publicirten, noch in Kraft befindlichen Verordnungen</marc:subfield>
      <marc:subfield code="d">Breslau : [Verlag nicht ermittelbar], 1825-1838</marc:subfield>
      <marc:subfield code="w">(DE-600)1471144-8</marc:subfield>
      <marc:subfield code="w">(DE-101)019642598</marc:subfield>
    </marc:datafield>
    <marc:datafield tag="776" ind1="0" ind2="8">
      <marc:subfield code="i">Elektronische Reproduktion</marc:subfield>
      <marc:subfield code="a">Königliche Regierung Breslau</marc:subfield>
      <marc:subfield code="t">Amts-Blatt der Regierung in Breslau</marc:subfield>
      <marc:subfield code="d">Breslau : Amtsblattstelle, 1811-1945</marc:subfield>
      <marc:subfield code="h">Online-Ressource</marc:subfield>
      <marc:subfield code="w">(DE-600)2793435-4</marc:subfield>
      <marc:subfield code="w">(DE-101)1059594595</marc:subfield>
    </marc:datafield>
    <marc:datafield tag="850" ind1=" " ind2=" ">
      <marc:subfield code="a">DE-101a</marc:subfield>
      <marc:subfield code="a">DE-101b</marc:subfield>
    </marc:datafield>
    <marc:datafield tag="925" ind1="r" ind2=" ">
      <marc:subfield code="a">ra</marc:subfield>
    </marc:datafield>
  </marc:record>
</marc:collection>
